| 000 | 00726aam a2200289 4500 | ||
|---|---|---|---|
| 005 | 20231206102723.0 | ||
| 008 | 150605b2011 xxu||||| |||| 00| 0 spa d | ||
| 020 | _a9789968317757 | ||
| 041 | _aESP | ||
| 082 | _a344.728.607 C8374L | ||
| 100 | _aCosta Rica. Leyes, decretos, etc. | ||
| 245 | _aLey fundamental de educación | ||
| 260 | _aCosta Rica | ||
| 260 | _bEUNED | ||
| 260 | _c2011 | ||
| 300 | _a272 páginas | ||
| 650 | _aCOSTA RICA | ||
| 650 | _aLEGISLACIÓN | ||
| 650 | _aEDUCACIÓN | ||
| 650 | _aHISTORIA DE LA EDUCACIÓN | ||
| 650 | _aJURISPRUDENCIA | ||
| 650 | _aLEGISLACIÓN | ||
| 650 | _aEDUCACIÓN | ||
| 650 | _aHISTORIA DE LA EDUCACIÓN | ||
| 650 | _aJURISPRUDENCIA | ||
| 942 |
_cBK _2ddc |
||
| 999 |
_c2672 _d2672 |
||